000 03362nab a2200361 i 4500
003 BR-BrBNA
005 20240708100527.0
008 240708b2017 bl.|r|pooa||| 00| 0 por |
040 _aBR-BrBNA
_bpor
072 _aL70
_b5400
072 _aL74
100 _aLuciani, M.G.
100 _aBiezus, G.
100 _aCardoso, H.M.
100 _aMüller, T.R.
100 _aFerian, P.E.
100 _aSouza, L.P.
100 _aSouza, D.S.
100 _aCasagrande, R.A.
245 _aEstenose esofágica em duas cadelas após ovário-histerectomia: relato de caso
500 _aPublicação online; 12 ref.; Summaries (En, Pt)
520 _a RESUMO - A estenose esofágica benigna é uma afecção rara em pequenos animais, comumente secundária a esofagites ulcerativas. O refluxo gastroesofágico, frequente durante procedimentos anestésicos, é a principal causa de esofagite grave, com consequente formação de cicatriz esofágica. O presente trabalho tem por objetivo descrever dois casos de estenose esofágica ocorrentes após ovário-histerectomia, com destaque para os procedimentos diagnósticos realizados. Em ambos os casos, a combinação dos sinais clínicos sugestivos e os achados de esofagograma e esofagoscopia foram determinantes. No primeiro caso, devido ao tempo avançado de desenvolvimento dos sinais clínicos, o paciente veio a óbito antes mesmo que a intervenção direta da região de estenose fosse realizada. Já no segundo, o procedimento de gastrostomia para melhor manejo alimentar, associado à dilatação esofágica via esofagoscopia e à terapia com medicamentos antiácidos, resultou em melhora clínica. Palavras-chave: canino, esofagite, cicatriz esofágica, estenose esofágica, refluxo gastroesofágico
520 _a ABSTRACT - Benign esophageal stricture is a rare affection in small animals, usually secondary to ulcerative esophagitis. Gastroesophageal reflux, frequent during anesthetic procedures, is the main cause of severe esophagitis with consequent formation of esophageal cicatrix. The objective of this work is to describe two cases of esophageal stricture occurring after ovariohysterectomy, highlighting the diagnostic procedures performed. In both cases, the combination of the suggestive clinical signs and findings from an esophagram and an esophagoscopy were determinants. In the first case, due to the advanced stage of the clinical signs, the patient died before direct interventions on the stenosis region were performed. But in the second case, the gastrostomy procedures for better feed management associated with esophageal dilatation by esophagoscopy and therapy with antacids resulted in clinical improvement. Keywords: dog, esophagitis, esophageal cicatrix, esophageal stricture, gastroesophageal reflux
650 _aCÃO
650 _aESOFAGITE
650 _aESTENOSE
650 _aDISTÚRBIO FISIOLÓGICO
650 _aVETERINÁRIA
773 0 _01643
_9316242
_dBelo Horizonte-MG Universidade Federal de Minas Gerais - Escola de Veterinaria 1983
_o2024-2643
_tArquivo Brasileiro de Medicina Veterinária e Zootecnia (Brazil)
_x0102-0935
_gv. 69(4) p. 908-914; (2017)
_wBR2024001655
856 _uhttps://www.scielo.br/j/abmvz/a/gKz7vKtvB56zRQMr5CKHXxL/?format=pdf&lang=pt
942 _cAnalítica
999 _c300433
_d300433